| 000 | 00578nam a2200229Ia 4500 | ||
|---|---|---|---|
| 008 | 170203s9999 xx 000 0 und d | ||
| 050 | _aFic | ||
| 050 | _bC329n | ||
| 100 | _aCarruth, Jane. | ||
| 245 | 4 | _aThe new teacher / | |
| 245 | _cwritten by Jane Carruth; illustrated by Tony Hutchings. | ||
| 260 | _aNew York : | ||
| 260 | _bModern Promotions, | ||
| 260 | _c©1983. | ||
| 300 | _a[20] pages : | ||
| 300 | _bcolor illustrations ; | ||
| 300 | _c31 cm. | ||
| 650 | _aSchool stories. | ||
| 650 | _aSchools -- | ||
| 650 | _aSchools. | ||
| 650 | _xFiction. | ||
| 999 |
_c306324 _d306324 |
||